|
|
|
|
| LEADER |
00000nam0a2200000 4500 |
| 001 |
365002 |
| 005 |
20231102011737.0 |
| 035 |
|
|
|a (RuTPU)RU\TPU\retro\22365
|
| 090 |
|
|
|a 365002
|
| 100 |
|
|
|a 20211208d1981 km y0rusy50 ca
|
| 101 |
0 |
|
|a rus
|
| 102 |
|
|
|a RU
|
| 105 |
|
|
|a a z 001zy
|
| 200 |
1 |
|
|a Советская скульптура 79/80
|f сост. В. А. Тиханова
|
| 210 |
|
|
|a Москва
|c Советский художник
|d 1981
|
| 215 |
|
|
|a 313 с.
|c ил.
|
| 320 |
|
|
|a Указ. имен: с. 307-310
|
| 606 |
1 |
|
|a Скульптура
|2 stltpush
|3 (RuTPU)RU\TPU\subj\55079
|9 73151
|
| 610 |
1 |
|
|a изобразительное искусство
|
| 610 |
1 |
|
|a портретные композиции
|
| 610 |
1 |
|
|a технология
|
| 610 |
1 |
|
|a скульпторы
|
| 610 |
1 |
|
|a зарубежный опыт
|
| 675 |
|
|
|a 73
|v 4
|
| 702 |
|
1 |
|a Тиханова
|b В. А.
|4 220
|
| 801 |
|
1 |
|a RU
|b 63413507
|c 20211208
|
| 942 |
|
|
|c BK
|